000 00487nam a2200169 i 4500
001 bg
245 0 _aZbiór zadań z teorii maszyn cieplnych /
_cJ. Gąsiorowski [et al.].
250 _aWyd.3.
260 _aWarszawa,
_c1978
_aWydawnictwa Naukowo-Techniczne.
650 9 _aMaszyny cieplne
_xteoria
655 _aĆwiczenia i zadania dla szkół wyższych
700 1 _aGąsiorowski, Jerzy.
040 _cBPK
041 _apol
942 _cKS
008 s pl f |000 0 pol
999 _c702
_d702
856 _uhttp://koha.tu.koszalin.pl/cgi-bin/koha/opac-detail.pl?biblionumber=702
_yKatalog online BPK